书目信息 |
| 题名: |
模拟电子线路习题精解
|
|
| 作者: | 宋文淘 编著 | |
| 分册: | ||
| 出版信息: | 北京 科学出版社 2003.10 |
|
| 页数: | ||
| 开本: | 32开 | |
| 丛书名: | 高等院校电子信息类学习指导丛书 | |
| 单 册: | ||
| 中图分类: | TN710-44 | |
| 科图分类: | ||
| 主题词: | 电子电路 | |
| 电子资源: | ||
| ISBN: | 7-03-010744-6 | |
| 000 | 00651nam0 2200205 450 | |
| 001 | 0736196517 | |
| 005 | 20070924100316.51 | |
| 010 | @a7-03-010744-6@d¥34.00 | |
| 100 | @a20070924d km y0chiy0120 ea | |
| 101 | 0 | @achi |
| 200 | 1 | @a模拟电子线路习题精解@Amo ni dian zi xian lu xi ti jing jie@f宋文淘 等编著@Fsong wen tao deng bian zhu |
| 210 | @a北京@c科学出版社@d2003.10 | |
| 215 | @c照片@d32开 | |
| 225 | 2 | @a高等院校电子信息类学习指导丛书 |
| 410 | 0 | @12001 @a高等院校电子信息类学习指导丛书 |
| 606 | 0 | @a电子电路 |
| 690 | @aTN710-44@v3 | |
| 701 | 0 | @a宋文淘@Asong wen tao@4编著 |
| 801 | 0 | @aCN@bPFT@c20070924 |
| 905 | @a213230@dTN710-44@eZY01@f1 | |
| 模拟电子线路习题精解/宋文淘 等编著.-北京:科学出版社,2003.10 |
| 照片;32开.-(高等院校电子信息类学习指导丛书) |
| ISBN 7-03-010744-6:¥34.00 |
| ● |
| 相关链接 |
|
|
|
|
正题名:模拟电子线路习题精解
索取号:TN710-44/ZY01
 
预约/预借
| 序号 | 登录号 | 条形码 | 馆藏地/架位号 | 状态 | 备注 |
| 1 | 7901450 | 279014503 | 密集书库-资源管理系/ [索取号:TN710-44/ZY01] | 在馆 |